| 000 | 03096nam a22005297a 4500 | ||
|---|---|---|---|
| 003 | AR-RoUNA | ||
| 005 | 20251028094842.0 | ||
| 008 | 251027b |||||||| |||| 00| 0 spa d | ||
| 040 |
_aAR-RoUNA _bspa _dAR-RoUNA |
||
| 041 | _aspa | ||
| 044 | _aag | ||
| 110 | 2 |
_aArgentina. Entre Ríos. Instituto de Estudios Territoriales. _bRegional ONO - Colegio de Arquitectos de Entre Ríos (CAPER). _927526 |
|
| 245 | 1 | 0 |
_a18º Jornadas de la ciudad _b: hacia territorios integrados. Reflexiones y conclusiones. |
| 260 |
_bCAPER, _c2023. |
||
| 300 |
_a23 p.: _bfot. col. _c21x15 cm. |
||
| 505 | 0 | _tINDICE | |
| 505 | 0 | _tEXPOSICIONES | |
| 505 | 0 | _tMODULO 1 -CIUDAD Y REGION | |
| 505 | 0 | _rOscar Bragos / Instrumentos de actuación urbanística. p. 7 | |
| 505 | 0 | _rNicolás Wendler / Ley de Comunas. Aplicaciones. Monitoreo. Resultados. p. 7 | |
| 505 | 0 | _rCátedra Bertuzzi-Mántaras / Futuros posibles. Propuestas del alumnado para el Area Metropolitana Gran Paraná. p. 8 | |
| 505 | 0 | _rGuillermo Frederick / Rol de la ciudad en el territorio regional. p. 8 | |
| 505 | 0 | _rAnabel Waigandt / El proceso de Marca Paraná como plataforma para definir prioridades y proyectar la ciudad hacia el futuro. p. 9 | |
| 505 | 0 | _tMODULO 2 - CIUDAD Y ARROYOS | |
| 505 | 0 | _rMarina Selsi, Alicia Glausser y Clelia Zapata / Procesos participativo del Parque Lineal Urbano Sur. p. 11 | |
| 505 | 0 | _rJoel De Souza y Martín Bletter / Cuencas hidrográficas de Paraná. Actualidad y problemáticas. p. 11 | |
| 505 | 0 | _rYanina Ramírez / Integración socio urbana de barrios afectados por cuencas. PROMEBA. p. 11 | |
| 505 | 0 | _tMODULO 3 - CIUDAD Y MOVILIDAD | |
| 505 | 0 | _rJuan Jaurena / Movilidad sostenible: integrando urbano con la planificación del territorio. p. 13 | |
| 505 | 0 | _rCecilia Bonino / Accesibilidad, movilidad e inclusión urbana. p.13 | |
| 505 | 0 | _rJaquelina Santiago / Expansión urbana del Gran Paraná. Transformaciones y cambios producidos en la última década en el corredor sur: RP Nª11. p. 14 | |
| 505 | 0 | _tMODULO 4 - CIUDAD Y COSTA | |
| 505 | 0 | _rDante Gariboglio / Un tesoro de vida frente a la ciudad. p. 15 | |
| 505 | 0 | _rCuidadores de la casa Común / Ecoturismo en Humedales. Salón de Usos Múltiples - Bajada Grande. p. 15 | |
| 505 | 0 | _rMarcelo D'Amico; César Pibermus / Proyecto Investigación comparativa. Urbanizaciones en la costa Rosario - Paraná. p. 16 | |
| 505 | 0 | _rWalter Musich / Puerto Nuevo de Paraná. La importancia del área portuaria Nacional y del distrito fluvial Paraná Medio. p. 17 | |
| 505 | 0 | _rJavier Fedele / Experiencia y desafíos en intervenciones sobre viejas instalaciones portuarias. p. 17 | |
| 505 | 0 | _tCONCLUSIONES | |
| 520 | 3 | _aEste documento fue elaborado a partir de reflexiones y conclusiones realizadas sobre las Exposiciones llevadas a cabo en las 18º Jornadas de la Ciudad. Paraná, 16 y 17 de junio de 2023. | |
| 650 | 4 | _aUrbanismo | |
| 653 | _aHumedales | ||
| 653 | _aInclusión urbana | ||
| 908 | _aImp | ||
| 942 | _2udc | ||
| 945 | _d2025-10-27 | ||
| 980 |
_65 _aMaría Machado _85 _gMaría Machado |
||
| 999 |
_c12193 _d12193 |
||